Loading...

Equations differentielles et systemes de pfaff dans le champ complexe

Bibliographic Details
Other Authors: Gerard, R (Editor)
Format: Printed Book
Published: Springer-Verlag, Berlin 1979
Series:Lecture Notes in Mathematics, No.0712
Subjects:
LEADER 00561nam a2200169 4500
082 |a R LNM.0712 
100 |a Gerard, R,   |e Editor 
245 |a Equations differentielles et systemes de pfaff dans le champ complexe  |c R Gerard  
250
260 |a Springer-Verlag, Berlin  |c 1979 
300
490 |a Lecture Notes in Mathematics, No.0712 
650 |a Lecture Notes in Mathematics 
700 |e Editor 
942 |c BK 
999 |c 201743  |d 201743 
952 |0 0  |1 0  |4 0  |6 R_LNM_0712_000000000000000  |7 0  |9 215092  |a MAT  |b MAT  |l 0  |o R LNM.0712  |p MAT2840  |r 2019-11-01  |w 2019-11-01  |y BK